[Event "Belgrade Radnicki IM 2nd 03"]
[Site "Belgrade"]
[Date "2024.03.24"]
[Round "4"]
[White "Karisik, Nenad"]
[Black "Popchev, Milko"]
[Result "1/2-1/2"]
[WhiteElo "2136"]
[BlackElo "2171"]
[PlyCount "45"]
[EventDate "2024.03.21"]
[EventType "tourn"]
[EventRounds "9"]
[EventCountry "SRB"]
[SourceTitle "CB15_2024"]
[SourceDate "2024.04.10"]
[SourceVersion "1"]
[SourceVersionDate "2024.04.10"]
[SourceQuality "1"]

1. Nf3 d5 2. c4 c6 3. e3 Nf6 4. b3 Bf5 5. Bb2 e6 6. Be2 Be7 7. 0-0 Nbd7 8. d3 h6 9. Nbd2 0-0 10. a3 Bg6 11. b4 Re8 12. Qb3 Bf8 13. Rac1 e5 14. d4 exd4 15. Nxd4 Ne5 16. N4f3 dxc4 17. Nxc4 Nxc4 18. Bxc4 b5 19. Be2 Be4 20. Rfd1 Bd5 21. Bxf6 Qxf6 22. Rxd5 cxd5 23. Bxb5 1/2-1/2

[Event "Belgrade Vidovdan op"]
[Site "Belgrade"]
[Date "2023.06.27"]
[Round "3"]
[White "Karisik, Nenad"]
[Black "Popchev, Milko"]
[Result "1-0"]
[WhiteElo "2132"]
[BlackElo "2223"]
[PlyCount "69"]
[EventDate "2023.06.26"]
[EventType "swiss"]
[EventRounds "6"]
[EventCountry "SRB"]
[SourceTitle "EXT 2024"]
[Source "ChessBase"]
[SourceDate "2023.10.10"]
[SourceVersion "1"]
[SourceVersionDate "2023.10.10"]
[SourceQuality "1"]

1. e4 b6 2. d4 Bb7 3. Bd3 e6 4. Nf3 d6 5. 0-0 Nd7 6. Qe2 Ngf6 7. Nbd2 Be7 8. c3 0-0 9. e5 Ne8 10. Ne4 g6 11. Bh6 Ng7 12. Rad1 d5 13. Neg5 a5 14. Rfe1 Nb8 15. Qd2 c5 16. a3 Ba6 17. Bb1 Nc6 18. h4 Qd7 19. Nh2 cxd4 20. cxd4 f6 21. Bxg7 fxg5 22. Bxf8 Rxf8 23. hxg5 Qd8 24. Qc1 Bc4 25. b3 Bxg5 26. Qc3 b5 27. bxc4 bxc4 28. Bc2 Bf4 29. g3 Bg5 30. Kg2 Qb6 31. Nf3 Be7 32. Rb1 Qa7 33. Ba4 Nd8 34. Rb5 g5 35. Qxa5 1-0

[Event "Belgrade Radnicki IM 01"]
[Site "Belgrade"]
[Date "2023.02.02"]
[Round "9"]
[White "Karisik, Nenad"]
[Black "Lundin, Jan"]
[Result "1/2-1/2"]
[WhiteElo "2179"]
[BlackElo "2209"]
[PlyCount "87"]
[EventDate "2023.01.25"]
[EventType "tourn"]
[EventRounds "9"]
[EventCountry "SRB"]
[SourceTitle "CBM 212 Extra"]
[Source "ChessBase"]
[SourceDate "2023.03.31"]
[SourceVersion "1"]
[SourceVersionDate "2023.03.31"]
[SourceQuality "1"]

1. e4 e6 2. d4 d5 3. Nc3 Nc6 4. Nf3 Nf6 5. Bd3 Nb4 6. Bg5 Be7 7. e5 Nd7 8. h4 a6 9. Ne2 h6 10. Bxe7 Qxe7 11. Nf4 b6 12. Be2 Bb7 13. a3 Nc6 14. c4 dxc4 15. Bxc4 0-0-0 16. Qc2 g5 17. Ne2 b5 18. Bd3 g4 19. Nd2 Nxd4 20. Nxd4 Nxe5 21. N2b3 Bxg2 22. Be4 Bxe4 23. Qxe4 Rd5 24. Ke2 Rhd8 25. Rac1 f5 26. Qf4 Qd6 27. Rhd1 Nd3 28. Rxc7+ Qxc7 29. Qxc7+ Kxc7 30. Rxd3 Kb6 31. Re3 R8d6 32. Nxe6 a5 33. Nf4 Rd1 34. Nd3 Rh1 35. a4 Rh3 36. axb5 a4 37. Nd2 Rxe3+ 38. Kxe3 Kxb5 39. Nb1 Kc4 40. Na3+ Kd5 41. Nf4+ Kc5 42. Nd3+ Kd5 43. Nf4+ Kc5 44. Nd3+ 1/2-1/2

[Event "Belgrade Radnicki IM 01"]
[Site "Belgrade"]
[Date "2023.02.01"]
[Round "8"]
[White "Petrovic, Aleksa"]
[Black "Karisik, Nenad"]
[Result "1/2-1/2"]
[WhiteElo "2263"]
[BlackElo "2179"]
[PlyCount "239"]
[EventDate "2023.01.25"]
[EventType "tourn"]
[EventRounds "9"]
[EventCountry "SRB"]
[SourceTitle "CBM 212 Extra"]
[Source "ChessBase"]
[SourceDate "2023.03.31"]
[SourceVersion "1"]
[SourceVersionDate "2023.03.31"]
[SourceQuality "1"]

1. e4 c5 2. Nc3 e6 3. Nf3 Nc6 4. Bb5 Nge7 5. 0-0 a6 6. Bxc6 Nxc6 7. d4 cxd4 8. Nxd4 Qc7 9. Re1 Be7 10. Nxc6 Qxc6 11. Qg4 Kf8 12. Re3 h5 13. Rh3 g6 14. Qd1 b5 15. Qd4 Rh7 16. Qd3 b4 17. Nd1 Bb7 18. Re3 d5 19. exd5 Qxd5 20. Qxd5 Bxd5 21. b3 h4 22. c4 Bc6 23. h3 Rh5 24. Rd3 a5 25. a3 Ke8 26. Ne3 Be4 27. Rd2 a4 28. axb4 Bxb4 29. Rda2 Rha5 30. Rxa4 Rxa4 31. bxa4 Bc6 32. Nc2 Bc3 33. Ra3 Rd8 34. Ne3 Ba5 35. Bb2 Rb8 36. Nd1 Rb4 37. Bc3 Rxa4 38. Rxa4 Bxa4 39. Nb2 Bxc3 40. Nxa4 Bd4 41. Kf1 e5 42. f3 f5 43. Ke2 e4 44. fxe4 fxe4 45. Kd2 Kd7 46. Nc3 Ke6 47. Nxe4 Kf5 48. Kd3 Ba7 49. c5 Kf4 50. c6 Bb8 51. Kd4 g5 52. Kd3 g4 53. hxg4 Kxg4 54. Ke3 Kf5 55. Kf3 Ke6 56. Nc5+ Ke7 57. Kg4 Bh2 58. Kh3 Bg3 59. Ne4 Be1 60. Ng5 Kd6 61. Nf3 Bc3 62. Kxh4 Kxc6 63. Kg5 Kd6 64. g4 Ke6 65. Kg6 Ke7 66. g5 Ke6 67. Kh7 Kf5 68. g6 Bb2 69. Ne1 Bc3 70. Nc2 Bb2 71. Ne3+ Kg5 72. Nd5 Bd4 73. Ne7 Bf6 74. Nc8 Ba1 75. Nd6 Bb2 76. Ne4+ Kf5 77. Nd2 Bc3 78. Nf3 Ba1 79. Kh6 Bb2 80. Nh4+ Kg4 81. Ng2 Kf5 82. Ne3+ Ke6 83. Nc4 Bc3 84. Kg5 Bf6+ 85. Kg4 Ba1 86. Kg5 Bf6+ 87. Kg4 Ba1 88. Na5 Bc3 89. Nb3 Bb2 90. Kg5 Bf6+ 91. Kh5 Bc3 92. Nc5+ Kf5 93. Nb7 Ba1 94. Nd6+ Ke6 95. Nc4 Bc3 96. Ne3 Ba1 97. Ng2 Kf5 98. Ne3+ Ke6 99. Kg5 Bf6+ 100. Kf4 Be5+ 101. Kg4 Ba1 102. Ng2 Kf6 103. Nh4 Bb2 104. Kh5 Ba1 105. Kh6 Ke6 106. Ng2 Kf5 107. Kh7 Bb2 108. Ne3+ Ke6 109. Nc4 Bc3 110. Nd2 Ba1 111. Ne4 Bb2 112. Nc5+ Kf5 113. Nb7 Ba1 114. Nd6+ Ke6 115. Ne8 Kf5 116. Ng7+ Kg5 117. Ne6+ Kf5 118. Nf8 Bb2 119. g7 Bxg7 120. Kxg7 1/2-1/2

[Event "Belgrade Radnicki IM 01"]
[Site "Belgrade"]
[Date "2023.01.28"]
[Round "4"]
[White "Karisik, Nenad"]
[Black "Svicevic, Rastko"]
[Result "1/2-1/2"]
[WhiteElo "2179"]
[BlackElo "2187"]
[PlyCount "37"]
[EventDate "2023.01.25"]
[EventType "tourn"]
[EventRounds "9"]
[EventCountry "SRB"]
[SourceTitle "CBM 212 Extra"]
[Source "ChessBase"]
[SourceDate "2023.03.31"]
[SourceVersion "1"]
[SourceVersionDate "2023.03.31"]
[SourceQuality "1"]

1. e4 e5 2. Nf3 Nc6 3. Bb5 Nf6 4. d3 d6 5. 0-0 Be7 6. c3 0-0 7. Re1 a6 8. Ba4 b5 9. Bc2 Bb7 10. Nbd2 Re8 11. Nf1 Bf8 12. Ng3 g6 13. d4 exd4 14. cxd4 Nb4 15. Bb1 c5 16. a3 Nc6 17. d5 Na5 18. b4 cxb4 19. axb4 1/2-1/2

[Event "Belgrade Radnicki IM 01"]
[Site "Belgrade"]
[Date "2023.01.27"]
[Round "3"]
[White "Denishev, Marat"]
[Black "Karisik, Nenad"]
[Result "1-0"]
[WhiteElo "2247"]
[BlackElo "2179"]
[PlyCount "199"]
[EventDate "2023.01.25"]
[EventType "tourn"]
[EventRounds "9"]
[EventCountry "SRB"]
[SourceTitle "CBM 212 Extra"]
[Source "ChessBase"]
[SourceDate "2023.03.31"]
[SourceVersion "1"]
[SourceVersionDate "2023.03.31"]
[SourceQuality "1"]

1. d4 Nf6 2. Nf3 g6 3. c4 Bg7 4. g3 0-0 5. Bg2 d6 6. 0-0 Nbd7 7. Nc3 e5 8. e4 exd4 9. Nxd4 Re8 10. Re1 Nc5 11. h3 a5 12. b3 Nfd7 13. Be3 c6 14. Qc2 Qe7 15. Rad1 Nf8 16. f4 h5 17. Bf2 Qf6 18. Qd2 Be6 19. Nde2 Rad8 20. Bd4 Qe7 21. Bxg7 Kxg7 22. Rf1 Bc8 23. Nd4 Nh7 24. a3 Nf6 25. Rfe1 Qc7 26. b4 axb4 27. axb4 Qb6 28. bxc5 dxc5 29. e5 Nh7 30. Rb1 Qc7 31. Ne4 Rxd4 32. Qb2 Kg8 33. Nd6 Re7 34. Qa3 Bf5 35. Qxc5 Rd2 36. Rbd1 Rb2 37. Nxf5 gxf5 38. Qd4 Rb3 39. Re3 Rxe3 40. Qxe3 Rd7 41. Ra1 Qd8 42. e6 Re7 43. exf7+ Kxf7 44. Qc5 Nf6 45. Ra3 Qd1+ 46. Kh2 Qc1 47. Ra2 Qb1 48. Rd2 Qe1 49. Qf2 Qe6 50. c5 Qe3 51. Kg1 Qc3 52. Re2 Qa3 53. Rb2 Ne4 54. Bxe4 fxe4 55. Qd4 e3 56. Re2 Qb3 57. Kh2 Qe6 58. Qh8 Qf5 59. Qd4 Re4 60. Qb2 Re7 61. Qb3+ Kg7 62. Qc3+ Kg6 63. Rxe3 Rxe3 64. Qxe3 Qc2+ 65. Kg1 Qd1+ 66. Kg2 Qc2+ 67. Qf2 Qe4+ 68. Kh2 Kf5 69. Qa2 Kf6 70. Qb2+ Kg6 71. Qd2 Qf3 72. Qg2 Qe3 73. Qc2+ Kf6 74. Kg2 Kg7 75. Qb2+ Kg6 76. Qe5 Qd2+ 77. Kf3 Qd3+ 78. Kf2 Qc2+ 79. Ke3 Qc1+ 80. Kd3 Qf1+ 81. Qe2 Qxh3 82. Qe8+ Kg7 83. Qe7+ Kg6 84. Qg5+ Kf7 85. Kd4 Qh1 86. Qf5+ Kg7 87. Qd7+ Kf6 88. Qd8+ Kf7 89. Qc7+ Kf6 90. Qe5+ Kf7 91. f5 Qd1+ 92. Ke4 Qg4+ 93. Ke3 Qg5+ 94. Kd3 Qd8+ 95. Qd6 Qxd6+ 96. cxd6 Kf6 97. Kc4 b6 98. Kd4 c5+ 99. Kd5 Kf7 100. Kc6 1-0

[Event "Belgrade Radnicki IM 01"]
[Site "Belgrade"]
[Date "2023.01.26"]
[Round "2"]
[White "Karisik, Nenad"]
[Black "Djuric, Stefan"]
[Result "0-1"]
[WhiteElo "2179"]
[BlackElo "2268"]
[PlyCount "66"]
[EventDate "2023.01.25"]
[EventType "tourn"]
[EventRounds "9"]
[EventCountry "SRB"]
[SourceTitle "CBM 212 Extra"]
[Source "ChessBase"]
[SourceDate "2023.03.31"]
[SourceVersion "1"]
[SourceVersionDate "2023.03.31"]
[SourceQuality "1"]

1. e4 e5 2. Nf3 Nc6 3. Bb5 a6 4. Ba4 Nf6 5. 0-0 Be7 6. Re1 b5 7. Bb3 0-0 8. a4 Bb7 9. d3 d6 10. Nbd2 Nd7 11. c3 Nc5 12. axb5 axb5 13. Rxa8 Qxa8 14. Bc2 Bf6 15. Nf1 Ne6 16. Ng3 g6 17. h4 Qd8 18. h5 Ng5 19. Nh2 Bc8 20. Bb3 Na5 21. Bc2 Nc6 22. b4 Qd7 23. Bb3 Kh8 24. Bd2 Ne7 25. Qc1 Ne6 26. Nf3 Rg8 27. Bg5 Bxg5 28. Nxg5 Rf8 29. hxg6 Nxg6 30. Nh5 Qe7 31. Bxe6 fxe6 32. g3 Bb7 33. Kg2 Rf5 0-1

[Event "Belgrade-chT2 Quality"]
[Site "Belgrade"]
[Date "2022.11.13"]
[Round "11.2"]
[White "Karisik, Nenad"]
[Black "Janjic, Stefan"]
[Result "1/2-1/2"]
[WhiteElo "2117"]
[BlackElo "2144"]
[PlyCount "35"]
[EventDate "2022.10.15"]
[EventType "team-tourn"]
[EventRounds "13"]
[EventCountry "SRB"]
[SourceTitle "EXT 2024"]
[Source "ChessBase"]
[SourceDate "2023.10.10"]
[SourceVersion "1"]
[SourceVersionDate "2023.10.10"]
[SourceQuality "1"]
[WhiteTeam "Zemun"]
[BlackTeam "Belgrade Vodovod"]
[WhiteTeamCountry "SRB"]
[BlackTeamCountry "SRB"]

1. e4 e6 2. d4 d5 3. Nc3 Nf6 4. Bg5 Be7 5. e5 Nfd7 6. Bxe7 Qxe7 7. f4 a6 8. Nf3 c5 9. Qd2 Nc6 10. 0-0-0 b5 11. dxc5 Nxc5 12. Bd3 b4 13. Ne2 0-0 14. Ned4 Nxd4 15. Nxd4 a5 16. Kb1 Ba6 17. Rhe1 Rfc8 18. f5 1/2-1/2

[Event "Belgrade-chT2 Quality"]
[Site "Belgrade"]
[Date "2022.10.28"]
[Round "5.2"]
[White "Karisik, Nenad"]
[Black "Matovic, Sasa"]
[Result "1-0"]
[WhiteElo "2117"]
[BlackElo "2222"]
[PlyCount "98"]
[EventDate "2022.10.15"]
[EventType "team-tourn"]
[EventRounds "13"]
[EventCountry "SRB"]
[SourceTitle "EXT 2024"]
[Source "ChessBase"]
[SourceDate "2023.10.10"]
[SourceVersion "1"]
[SourceVersionDate "2023.10.10"]
[SourceQuality "1"]
[WhiteTeam "Zemun"]
[BlackTeam "Sremcica"]
[WhiteTeamCountry "SRB"]
[BlackTeamCountry "SRB"]

1. e4 e6 2. d4 d5 3. Nc3 Bb4 4. e5 c5 5. a3 Bxc3+ 6. bxc3 Ne7 7. Nf3 Qc7 8. Bd3 b6 9. a4 Ba6 10. a5 bxa5 11. 0-0 Bxd3 12. cxd3 0-0 13. dxc5 Nd7 14. d4 Nc6 15. Re1 Rae8 16. Bf4 f6 17. Qa4 fxe5 18. Bxe5 Qc8 19. Re3 Rxf3 20. Rxf3 Ncxe5 21. dxe5 Nxc5 22. Qf4 Qb7 23. h4 a4 24. h5 h6 25. c4 d4 26. Qxd4 Nb3 27. Qb2 Qc6 28. Rd1 Qxc4 29. Rd7 Nc1 30. Re3 Nb3 31. Rg3 g5 32. Qb1 Qc1+ 33. Qxc1 Nxc1 34. Ra3 Ne2+ 35. Kf1 Nf4 36. g3 Nxh5 37. Rxa4 Rf8 38. Kg2 Rf7 39. Raxa7 Rxd7 40. Rxd7 Ng7 41. g4 Kh7 42. Rf7 Kg8 43. Rf6 h5 44. f3 hxg4 45. fxg4 Ne8 46. Rxe6 Kf7 47. Rc6 Ng7 48. Kf3 Ne6 49. Rxe6 Kxe6 1-0

[Event "Belgrade Trophy 35th"]
[Site "Belgrade"]
[Date "2021.12.02"]
[Round "9"]
[White "Karisik, Nenad"]
[Black "Hlebec, Darko"]
[Result "1-0"]
[WhiteElo "2159"]
[BlackElo "1888"]
[PlyCount "115"]
[EventDate "2021.11.24"]
[EventType "swiss"]
[EventRounds "9"]
[EventCountry "SRB"]
[SourceTitle "EXT 2023"]
[Source "ChessBase"]
[SourceDate "2022.10.05"]
[SourceVersion "1"]
[SourceVersionDate "2022.10.05"]
[SourceQuality "1"]

1. Nf3 d5 2. g3 Nf6 3. Bg2 g6 4. 0-0 Bg7 5. c4 dxc4 6. Na3 0-0 7. Nxc4 Nbd7 8. a3 Nb6 9. Nxb6 axb6 10. Qc2 c6 11. d3 b5 12. Bd2 Bg4 13. h3 Bd7 14. e4 Qb6 15. Rfd1 Rfd8 16. Be3 Qc7 17. Nd4 Qc8 18. Kh2 Qb8 19. Ne2 Qc7 20. d4 Rdc8 21. Rac1 Qa5 22. Qd2 Qxd2 23. Rxd2 Ne8 24. Rdc2 Nd6 25. Nf4 Nc4 26. Nd3 Nxe3 27. fxe3 Bh6 28. Re1 Be8 29. h4 Rd8 30. e5 e6 31. Nc5 Ra7 32. Ne4 Bg7 33. g4 h6 34. g5 h5 35. Rec1 Kf8 36. Kg3 Ke7 37. Rf1 Rd7 38. Rcf2 Kf8 39. Bh3 Kg8 40. Nd6 Ra8 41. b3 Re7 42. Ra2 Bf8 43. a4 Rd7 44. Ne4 Be7 45. Rfa1 Rdd8 46. axb5 Rxa2 47. Rxa2 cxb5 48. Nf6+ Kf8 49. Bg2 Bc6 50. Rc2 Rc8 51. e4 Bxf6 52. exf6 Ke8 53. Kf4 Ra8 54. d5 Bd7 55. Ke5 Kd8 56. Rd2 Kc7 57. Bh3 Kd8 58. dxe6 1-0

[Event "Belgrade Trophy 35th"]
[Site "Belgrade"]
[Date "2021.11.28"]
[Round "5"]
[White "Todorovic, Goran M"]
[Black "Karisik, Nenad"]
[Result "1-0"]
[WhiteElo "2376"]
[BlackElo "2159"]
[PlyCount "45"]
[EventDate "2021.11.24"]
[EventType "swiss"]
[EventRounds "9"]
[EventCountry "SRB"]
[SourceTitle "CBM 205 Extra"]
[Source "ChessBase"]
[SourceDate "2022.01.31"]
[SourceVersion "1"]
[SourceVersionDate "2022.01.31"]
[SourceQuality "1"]

1. e4 e5 2. Nf3 Nc6 3. d4 exd4 4. Nxd4 Nf6 5. Nxc6 bxc6 6. Qe2 d6 7. Nc3 Be7 8. Bd2 0-0 9. 0-0-0 Be6 10. Qa6 Ng4 11. Be1 Bg5+ 12. Kb1 Bf6 13. h3 Bxc3 14. hxg4 Bxe1 15. Rxe1 Qf6 16. Bd3 Qxf2 17. Qxc6 Qc5 18. e5 g6 19. Qf3 Rab8 20. b3 Rb4 21. Rxh7 Bxb3 22. axb3 Qc3 23. Reh1 1-0

[Event "MNT-chT 1st League"]
[Site "Sutomore"]
[Date "2021.08.01"]
[Round "3.3"]
[White "Jeknic, Velimir"]
[Black "Karisik, Nenad"]
[Result "1/2-1/2"]
[WhiteElo "1936"]
[BlackElo "2144"]
[PlyCount "81"]
[EventDate "2021.07.31"]
[EventType "team-tourn"]
[EventRounds "9"]
[EventCountry "MNE"]
[SourceTitle "EXT 2022"]
[Source "ChessBase"]
[SourceDate "2021.10.06"]
[SourceVersion "1"]
[SourceVersionDate "2021.10.06"]
[SourceQuality "1"]
[WhiteTeam "Prosvjeta"]
[BlackTeam "Herceg Novi"]
[WhiteTeamCountry "MNE"]
[BlackTeamCountry "MNE"]

1. e4 c6 2. d4 d5 3. Nc3 dxe4 4. Nxe4 Nf6 5. Ng3 h5 6. h4 Bg4 7. f3 Be6 8. Be3 g6 9. Bd3 Bg7 10. c3 Nbd7 11. N1e2 Qc7 12. Bf4 Qb6 13. Qd2 c5 14. Ne4 Nxe4 15. Bxe4 Nf6 16. dxc5 Nxe4 17. cxb6 Nxd2 18. Bxd2 axb6 19. a3 0-0 20. Be3 b5 21. Kf2 Rfd8 22. Rad1 Bb3 23. Rd2 e5 24. Nc1 Rxd2+ 25. Bxd2 Bc4 26. Rd1 Rd8 27. Ke1 f5 28. Be3 Rxd1+ 29. Kxd1 Kf7 30. g3 Ke6 31. Ne2 Bxe2+ 32. Kxe2 Kd5 33. b3 e4 34. Bd2 Bf8 35. Bc1 Bc5 36. f4 Be7 37. Bb2 Bd6 38. Bc1 Bc5 39. Bb2 Bg1 40. Bc1 Bc5 41. Bb2 1/2-1/2

[Event "Paracin Summer op 14th"]
[Site "Paracin"]
[Date "2021.07.13"]
[Round "6"]
[White "Karisik, Nenad"]
[Black "Sylvan, Jacob"]
[Result "1/2-1/2"]
[WhiteElo "2144"]
[BlackElo "2322"]
[PlyCount "71"]
[EventDate "2021.07.09"]
[EventType "swiss"]
[EventRounds "9"]
[EventCountry "SRB"]
[SourceTitle "EXT 2022"]
[Source "ChessBase"]
[SourceDate "2021.10.06"]
[SourceVersion "1"]
[SourceVersionDate "2021.10.06"]
[SourceQuality "1"]

1. e4 c5 2. Nf3 d6 3. d4 cxd4 4. Nxd4 Nf6 5. Nc3 Nc6 6. Bg5 e6 7. Qd2 a6 8. 0-0-0 Bd7 9. f3 Be7 10. h4 h6 11. Be3 h5 12. Kb1 b5 13. Nxc6 Bxc6 14. Bd3 Rc8 15. Ne2 Bb7 16. Nd4 d5 17. e5 Nd7 18. f4 Nc5 19. f5 Ne4 20. Bxe4 dxe4 21. fxe6 fxe6 22. Qf2 Bd5 23. Qg3 0-0 24. Nxe6 Bxe6 25. Rxd8 Rcxd8 26. Bg5 Rd7 27. Bxe7 Rxe7 28. b3 Rd7 29. Re1 Rd2 30. Qe3 Rff2 31. Qxe4 Rxc2 32. Qa8+ Kh7 33. Qe4+ Kg8 34. Qa8+ Kh7 35. Qe4+ Kg8 36. Qa8+ 1/2-1/2

[Event "Mediterranean-ch 11th"]
[Site "Petrovac"]
[Date "2021.06.21"]
[Round "4"]
[White "Karisik, Nenad"]
[Black "Bedrossian, Danielle Ghattas"]
[Result "1-0"]
[WhiteElo "2102"]
[BlackElo "1641"]
[PlyCount "68"]
[EventDate "2021.06.19"]
[EventType "swiss"]
[EventRounds "9"]
[EventCountry "MNE"]
[SourceTitle "CBM 203 Extra"]
[Source "ChessBase"]
[SourceDate "2021.09.30"]
[SourceVersion "1"]
[SourceVersionDate "2021.09.30"]
[SourceQuality "1"]

1. e4 b6 2. d4 Bb7 3. Nc3 g6 4. f4 Bg7 5. Nf3 e6 6. Bd3 Ne7 7. 0-0 d5 8. e5 a6 9. Ne2 c5 10. c3 c4 11. Bc2 Nbc6 12. Be3 Nf5 13. Bf2 h5 14. g3 Nce7 15. h3 Kd7 16. Kg2 Qg8 17. Rh1 Bh6 18. g4 h4 19. gxf5 gxf5+ 20. Kh2 Qh7 21. Rg1 Ng6 22. Qd2 Rag8 23. Ng5 Bxg5 24. Rxg5 Ke7 25. Rag1 Bc6 26. b3 f6 27. exf6+ Kxf6 28. Qe3 b5 29. bxc4 dxc4 30. Rxg6+ Rxg6 31. Qe5+ Ke7 32. d5 Bxd5 33. Qc7+ Kf6 34. Bd4+ e5 1-0

[Event "MNT-ch 73rd"]
[Site "Podgorica"]
[Date "2021.05.06"]
[Round "4"]
[White "Karisik, Nenad"]
[Black "Lakusic, Zoran"]
[Result "1-0"]
[WhiteElo "2123"]
[BlackElo "1705"]
[PlyCount "121"]
[EventDate "2021.05.03"]
[EventType "swiss"]
[EventRounds "9"]
[EventCountry "MNE"]
[SourceTitle "CBM 202 Extra"]
[Source "ChessBase"]
[SourceDate "2021.07.31"]
[SourceVersion "1"]
[SourceVersionDate "2021.07.31"]
[SourceQuality "1"]

1. e4 e5 2. Nf3 Nf6 3. Nxe5 Bd6 4. Nc4 Nxe4 5. d3 Nf6 6. Nxd6+ cxd6 7. Be2 Nc6 8. 0-0 0-0 9. Bg5 h6 10. Bh4 Nd4 11. Nc3 Nf5 12. Bg3 Nxg3 13. hxg3 Qb6 14. Rb1 d5 15. Bf3 d4 16. Nd5 Nxd5 17. Bxd5 d6 18. Re1 Qc5 19. Bb3 d5 20. Re5 Be6 21. f4 Qd6 22. Qe2 Rfe8 23. Re1 Bd7 24. Qf2 Rxe5 25. Rxe5 Bc6 26. Qxd4 f6 27. Re1 a5 28. a4 Qb4 29. Qxb4 axb4 30. Re4 Kh8 31. Rxb4 Re8 32. Kf2 g5 33. Rd4 Rc8 34. c3 Ra8 35. Bxd5 gxf4 36. gxf4 Bxa4 37. Bxb7 Ra7 38. Be4 Kg7 39. b4 Be8 40. Rd8 Ra2+ 41. Ke3 Bh5 42. Rd7+ Kf8 43. Rh7 Re2+ 44. Kd4 Rf2 45. Rxh6 Bf7 46. Rxf6 Ke7 47. Ke3 Rc2 48. Rc6 Bh5 49. b5 Re2+ 50. Kd4 Be8 51. Rc5 Rb2 52. c4 Kd6 53. Re5 Bd7 54. c5+ Kc7 55. b6+ Kd8 56. c6 Bg4 57. Rg5 Be6 58. Kc5 Kc8 59. Rh5 Rc2+ 60. Kd6 Bg8 61. Rh8 1-0

[Event "MNT-ch 73rd"]
[Site "Podgorica"]
[Date "2021.05.03"]
[Round "1"]
[White "Draskovic, Luka"]
[Black "Karisik, Nenad"]
[Result "1-0"]
[WhiteElo "2464"]
[BlackElo "2123"]
[PlyCount "153"]
[EventDate "2021.05.03"]
[EventType "swiss"]
[EventRounds "9"]
[EventCountry "MNE"]
[SourceTitle "CBM 202 Extra"]
[Source "ChessBase"]
[SourceDate "2021.07.31"]
[SourceVersion "1"]
[SourceVersionDate "2021.07.31"]
[SourceQuality "1"]

1. e4 c5 2. Nf3 d6 3. d4 cxd4 4. Nxd4 Nf6 5. f3 e6 6. c4 a6 7. Nc3 Be7 8. Be3 b6 9. Be2 Bb7 10. 0-0 0-0 11. Qd2 Qc7 12. a4 Nbd7 13. a5 bxa5 14. Nb3 Rab8 15. Nxa5 Ba8 16. Rfb1 d5 17. cxd5 exd5 18. exd5 Bd6 19. f4 Rfe8 20. Kh1 Rxe3 21. Qxe3 Bxf4 22. Qh3 Nxd5 23. Bf3 N7f6 24. Nxd5 Nxd5 25. Rd1 Ne3 26. Rd7 Qc2 27. Bxa8 Rxa8 28. Qf3 Rf8 29. Nc6 Qxb2 30. Rg1 Qf6 31. g3 Bg5 32. Qxf6 Bxf6 33. Re1 Nf5 34. Rd5 g6 35. g4 Rc8 36. Rc1 Rxc6 37. Rxc6 Ne7 38. Rd8+ Kg7 39. Rxa6 h5 40. Rdd6 Bg5 41. gxh5 gxh5 42. Ra5 f6 43. Rd7 Kf7 44. Raa7 f5 45. Ra6 Bf6 46. Kg2 Bg5 47. Kf3 Ke8 48. Rb7 Kf7 49. h3 Kg7 50. Ke2 Kf7 51. Kd3 Kg7 52. Re6 Kf7 53. Re5 Kf8 54. Rbxe7 Bxe7 55. Rxf5+ Kg7 56. Rxh5 Bf6 57. Ke4 Kg6 58. Rb5 Bg5 59. Rb6+ Kg7 60. Kf5 Be3 61. Rb3 Bd2 62. Kg4 Bc1 63. Kh5 Bd2 64. Rb7+ Kf6 65. Rb2 Bc1 66. Rg2 Be3 67. Rg6+ Kf7 68. Rg3 Bd2 69. Rg2 Bc1 70. Rg4 Be3 71. Kh4 Bd2 72. Kg3 Bc1 73. Kf3 Kf6 74. Ke4 Bd2 75. h4 Bc1 76. h5 Kf7 77. Kf5 1-0

[Event "MNT-chT"]
[Site "Podgorica"]
[Date "2020.10.15"]
[Round "9.3"]
[White "Tomic, Aleksandar1111"]
[Black "Karisik, Nenad"]
[Result "1-0"]
[WhiteElo "2367"]
[BlackElo "2129"]
[PlyCount "51"]
[EventDate "2020.10.09"]
[EventType "team-tourn"]
[EventRounds "9"]
[EventCountry "MNE"]
[SourceTitle "CBM 198 Extra"]
[Source "ChessBase"]
[SourceDate "2020.11.30"]
[SourceVersion "1"]
[SourceVersionDate "2020.11.30"]
[SourceQuality "1"]
[WhiteTeam "Crnogorac"]
[BlackTeam "Herceg Novi"]
[WhiteTeamCountry "MNE"]
[BlackTeamCountry "MNE"]

1. d4 Nf6 2. c4 g6 3. Nc3 Bg7 4. e4 d6 5. Be2 0-0 6. Be3 e5 7. d5 a5 8. g4 Na6 9. g5 Ne8 10. h4 f5 11. gxf6 Nxf6 12. h5 Nc5 13. Bxc5 dxc5 14. hxg6 hxg6 15. Qd2 Ne8 16. Nf3 Ra6 17. 0-0-0 Bg4 18. Ng5 Rxf2 19. Rdg1 Bc8 20. Kb1 Raf6 21. Nh7 R6f4 22. Nd1 Rxe2 23. Qxe2 Rxe4 24. Qh2 Bf5 25. Ka1 Bf6 26. Ng5 1-0

[Event "MNT-ch 72nd"]
[Site "Podgorica"]
[Date "2020.09.14"]
[Round "6"]
[White "Pobor, Danilo"]
[Black "Karisik, Nenad"]
[Result "0-1"]
[WhiteElo "2059"]
[BlackElo "2106"]
[PlyCount "128"]
[EventDate "2020.09.11"]
[EventType "swiss"]
[EventRounds "9"]
[EventCountry "MNE"]
[SourceTitle "CBM 198 Extra"]
[Source "ChessBase"]
[SourceDate "2020.11.30"]
[SourceVersion "1"]
[SourceVersionDate "2020.11.30"]
[SourceQuality "1"]

1. d4 Nf6 2. Nf3 g6 3. c4 Bg7 4. Nc3 0-0 5. e4 d6 6. Be2 e5 7. Be3 Ng4 8. Bg5 f6 9. Bh4 Qe8 10. h3 Nh6 11. d5 a5 12. Nd2 Na6 13. a3 Bd7 14. b3 g5 15. Bg3 f5 16. f3 g4 17. hxg4 fxg4 18. Qc2 Qg6 19. Bf2 g3 20. Be3 Rf4 21. b4 axb4 22. axb4 Rc8 23. c5 Nxb4 24. Qb3 dxc5 25. Bxc5 Na6 26. Be3 Nf7 27. Qxb7 Nb8 28. Ra8 Nd6 29. Qb3 Rff8 30. Ba7 Qe8 31. Bxb8 Rxb8 32. Rxb8 Qxb8 33. Qxb8 Rxb8 34. Bd3 Ra8 35. Ke2 Ra3 36. Ncb1 Ra1 37. Rc1 Nb5 38. Nb3 Ra7 39. Rc5 Rb7 40. N1d2 Bf8 41. Rc1 Ra7 42. Bc4 Kg7 43. Ra1 Nd4+ 44. Kf1 Rxa1+ 45. Nxa1 Bc5 46. Nab3 Nxb3 47. Nxb3 Bb6 48. Ke1 Kf6 49. Kd2 h5 50. Bf1 h4 51. Nc1 Kg5 52. Nd3 Bb5 53. Ke2 Ba5 54. f4+ exf4 55. Kf3 Bd2 56. e5 Kf5 57. d6 cxd6 58. exd6 Be8 59. Nxf4 Bxf4 60. Bd3+ Kg5 61. Bf1 Bc6+ 62. Ke2 Bxd6 63. Ke3 Bc5+ 64. Kd2 Kf4 0-1

[Event "MNT-ch 72nd"]
[Site "Podgorica"]
[Date "2020.09.13"]
[Round "5"]
[White "Karisik, Nenad"]
[Black "Nikcevic, Nebojsa"]
[Result "0-1"]
[WhiteElo "2106"]
[BlackElo "2413"]
[PlyCount "54"]
[EventDate "2020.09.11"]
[EventType "swiss"]
[EventRounds "9"]
[EventCountry "MNE"]
[SourceTitle "CBM 198 Extra"]
[Source "ChessBase"]
[SourceDate "2020.11.30"]
[SourceVersion "1"]
[SourceVersionDate "2020.11.30"]
[SourceQuality "1"]

1. e4 e5 2. Nf3 Nc6 3. Bb5 a6 4. Ba4 b5 5. Bb3 Na5 6. d4 exd4 7. Bg5 Be7 8. Qxd4 Nxb3 9. axb3 Bxg5 10. Qd5 Rb8 11. Nxg5 Qe7 12. 0-0 Nf6 13. Qd4 0-0 14. e5 Nh5 15. f4 f6 16. exf6 Qxf6 17. Qd5+ Kh8 18. Qd3 Qb6+ 19. Kh1 Qh6 20. Nc3 Bb7 21. Nd5 Bxd5 22. Qxd5 Ng3+ 23. Kg1 Nxf1 24. Rxf1 Qb6+ 25. Kh1 Qf6 26. Rf3 Rbe8 27. h3 h6 0-1